Gemeenten van Utrecht met kaart - Statistieken

Algemene statistieken
  • Deze quiz is 2.660 keer genomen
  • De gemiddelde score is 15 van 26
Antwoorden op de kaart
Antwoorden kleurgecodeerd door een groen-rode schaal op de quizkaart volgens % correct hieronder.
 
Antwoordstatistieken
Antwoord % Correct
Utrecht
99%
Amersfoort
88%
Zeist
77%
Nieuwegein
71%
Soest
68%
Woerden
66%
De Bilt
64%
Houten
63%
Utrechtse Heuvelrug
62%
Veenendaal
61%
IJsselstein
56%
Baarn
55%
Rhenen
52%
Bunnik
50%
Leusden
48%
Vijfheerenlanden
47%
Wijk bij Duurstede
47%
Bunschoten
46%
Woudenberg
46%
Lopik
45%
Stichtse Vecht
45%
Montfoort
43%
Eemnes
42%
Renswoude
42%
De Ronde Venen
40%
Oudewater
39%
Geen overeenkomende quizzen gevonden
Scoreverdeling
Procent van Mensen met Elke Score
Percentiel versus Aantal Correcte Antwoorden
Uw Scoregeschiedenis
U heeft deze quiz nog niet genomen